[Event "PRAGUE OPEN 2020 - A - IM open"]
[Site "?"]
[Date "2020.01.10"]
[Round "1"]
[White "Hlavina, Matous"]
[Black "Domogaev, Sergey"]
[Result "0-1"]
[BlackElo "2334"]
[WhiteElo "1942"]
[LiveChessVersion "1.4.8"]

1. e4 {[%clk 1:30:54]} a6 {[%clk 1:30:56]} 2. d4 {[%clk 1:30:31]} c5
{[%clk 1:31:21]} 3. Nf3 {[%clk 1:30:20]} cxd4 {[%clk 1:31:44]} 4. Nxd4
{[%clk 1:30:35]} Nf6 {[%clk 1:32:09]} 5. Bd3 {[%clk 1:27:41]} e5 {[%clk 1:30:56]}
6. Nb3 {[%clk 1:25:39]} Be7 {[%clk 1:26:32]} 7. Nc3 {[%clk 1:24:50]} O-O
{[%clk 1:26:20]} 8. Be3 {[%clk 1:18:35]} d6 {[%clk 1:25:42]} 9. f3
{[%clk 1:16:00]} Be6 {[%clk 1:26:02]} 10. Qd2 {[%clk 1:15:33]} Nbd7
{[%clk 1:22:58]} 11. g4 {[%clk 1:12:38]} b5 {[%clk 1:09:49]} 12. g5
{[%clk 1:06:46]} Nh5 {[%clk 1:10:05]} 13. h4 {[%clk 1:04:35]} Nc5
{[%clk 0:59:22]} 14. Be2 {[%clk 0:55:26]} Na4 {[%clk 0:57:37]} 15. O-O-O
{[%clk 0:53:26]} Nxc3 {[%clk 0:55:06]} 16. Qxc3 {[%clk 0:53:02]} Rc8
{[%clk 0:53:55]} 17. Qd2 {[%clk 0:47:41]} Qc7 {[%clk 0:54:13]} 18. Kb1
{[%clk 0:47:12]} Rfd8 {[%clk 0:52:47]} 19. Rc1 {[%clk 0:44:14]} d5
{[%clk 0:52:57]} 20. Qe1 {[%clk 0:41:46]} b4 {[%clk 0:49:40]} 21. Qf2
{[%clk 0:38:58]} d4 {[%clk 0:49:43]} 22. Bd2 {[%clk 0:39:22]} a5 {[%clk 0:50:09]}
23. f4 {[%clk 0:33:17]} Nxf4 {[%clk 0:50:16]} 24. Nxd4 {[%clk 0:30:48]} Qb6
{[%clk 0:46:34]} 25. Be3 {[%clk 0:29:36]} Bc5 {[%clk 0:46:42]} 26. Nf5
{[%clk 0:22:19]} Bxf5 {[%clk 0:46:11]} 27. Bxc5 {[%clk 0:22:41]} Qxc5
{[%clk 0:46:37]} 28. Qxc5 {[%clk 0:22:55]} Rxc5 {[%clk 0:47:00]} 29. Rcd1
{[%clk 0:22:46]} Rb8 {[%clk 0:47:21]} 0-1

[Event "PRAGUE OPEN 2020 - A - IM open"]
[Site "?"]
[Date "2020.01.10"]
[Round "1"]
[White "Vokac, Marek"]
[Black "Fiser, Jiri"]
[Result "1-0"]
[BlackElo "1935"]
[WhiteElo "2334"]
[LiveChessVersion "1.4.8"]

1. c4 e5 2. Nf3 Nc6 3. Nc3 g6 4. d4 exd4 5. Nxd4 Bg7 6. Nxc6 bxc6 7. g3 Nf6 8.
Bg2 O-O 9. O-O Bb7 10. Qa4 d5 11. Rd1 Re8 12. Bg5 h6 13. cxd5 cxd5 14. Bxd5 Bxd5
15. Bxf6 Qxf6 16. Rxd5 Qb6 17. Rd2 Bxc3 18. bxc3 Red8 19. Rad1 Rxd2 20. Rxd2 Rb8
21. Qc4 1-0

[Event "PRAGUE OPEN 2020 - A - IM open"]
[Site "Praha, Olympik hotel"]
[Date "2020.01.10"]
[Round "1"]
[White "ZEMLICKA, Vit"]
[Black "LIU, Zhaoqi"]
[Result "0-1"]
[WhiteElo "1935"]
[BlackElo "2328"]
[PlyCount "63"]
[EventDate "2020.01.10"]

1. e4 e6 2. d4 d5 3. Nc3 Bb4 4. exd5 exd5 5. Bd3 Nc6 6. Nf3 Nge7 7. O-O Bg4 8.
h3 Bh5 9. a3 Ba5 10. Re1 Qd7 11. g4 Bg6 12. b4 Bb6 13. Bb5 f6 14. a4 a6 15.
Bxc6 Qxc6 16. Qd2 Qd7 17. Ba3 O-O 18. b5 Rae8 19. Re3 Ba5 20. Rae1 Be4 21. Nh4
axb5 22. axb5 c5 23. Bxc5 Qc7 24. Ng2 b6 25. Ba3 Rc8 26. f3 Bxc3 27. Rxc3 Qxc3
28. Qxc3 Rxc3 29. Bxe7 Rxf3 30. c4 Rg3 31. cxd5 Rxg2+ 32. Kf1 0-1

[Event "PRAGUE OPEN 2020 - A - IM open"]
[Site "Praha, Olympik hotel"]
[Date "2020.01.10"]
[Round "1"]
[White "PAVLICEK, Petr"]
[Black "STREBKOVS, Andrejs"]
[Result "0-1"]
[WhiteElo "1924"]
[BlackElo "2278"]
[PlyCount "76"]
[EventDate "2020.01.10"]

1. c4 g6 2. Nc3 Bg7 3. d4 d6 4. g3 c6 5. Bg2 Nd7 6. Nf3 e5 7. O-O f6 8. Ne4 Nb6
9. Nxd6+ Qxd6 10. c5 Qe7 11. cxb6 axb6 12. dxe5 fxe5 13. e4 Nf6 14. Bg5 b5 15.
Qc2 O-O 16. Be3 Re8 17. Rfd1 h6 18. a3 Qf7 19. Rd2 Qc4 20. Ne1 Be6 21. Rc1 Bf8
22. f3 Qxc2 23. Rcxc2 b4 24. Bc5 bxa3 25. bxa3 Bb3 26. Rc3 Bxc5+ 27. Rxc5 Rxa3
28. Rb2 Ba4 29. Rxb7 Ra1 30. Kf2 Rf8 31. Ke2 Bb5+ 32. Rcxb5 cxb5 33. Rxb5 Ra2+
34. Kf1 Ng4 35. Rb3 g5 36. Kg1 Ra1 37. Kf1 Nxh2+ 38. Ke2 Ra2+ 0-1

[Event "PRAGUE OPEN 2020 - A - IM open"]
[Site "Praha, Olympik hotel"]
[Date "2020.01.10"]
[Round "1"]
[White "CERVENKA, Petr"]
[Black "SVANDA, Ondrej"]
[Result "0-1"]
[WhiteElo "1879"]
[BlackElo "2257"]
[PlyCount "78"]
[EventDate "2020.01.10"]

1. e4 c5 2. Nc3 Nc6 3. g3 g6 4. Bg2 Bg7 5. d3 d6 6. f4 e6 7. Nf3 Nge7 8. Be3
Nd4 9. O-O Nec6 10. Qd2 O-O 11. f5 exf5 12. Bh6 fxe4 13. Nxe4 f5 14. Bg5 Qc7
15. Nc3 Be6 16. Nh4 Rae8 17. Nd5 Bxd5 18. Bxd5+ Kh8 19. c3 Ne6 20. Rae1 Qd7 21.
Re2 Nc7 22. Bxc6 Qxc6 23. Rfe1 Rxe2 24. Rxe2 Re8 25. Kf2 Kg8 26. Qe1 Qd7 27.
Ng2 Rxe2+ 28. Qxe2 Qe6 29. Qf3 Qd5 30. Ne3 Qxf3+ 31. Kxf3 Bf8 32. Bf4 Kf7 33.
g4 fxg4+ 34. Nxg4 Ke6 35. Ne3 Nd5 36. Nxd5 Kxd5 37. Ke3 Bg7 38. Bg5 Ke6 39. Bf4
Be5 0-1

[Event "PRAGUE OPEN 2020 - A - IM open"]
[Site "Praha, Olympik hotel"]
[Date "2020.01.10"]
[Round "1"]
[White "VIGNESH, B."]
[Black "TEJKAL, Jiri"]
[Result "1-0"]
[WhiteElo "2250"]
[BlackElo "1878"]
[PlyCount "57"]
[EventDate "2020.01.10"]

1. e4 c6 2. d4 d5 3. Nc3 dxe4 4. Nxe4 Bf5 5. Ng3 Bg6 6. Nh3 e6 7. Nf4 Bd6 8. h4
Bxf4 9. Bxf4 h6 10. c3 Nd7 11. Bd3 Bxd3 12. Qxd3 Ngf6 13. O-O-O Qa5 14. Kb1
O-O-O 15. Rhe1 Rhe8 16. Ka1 Nd5 17. Bd2 Qc7 18. c4 N5f6 19. Qf3 c5 20. Bf4 Qa5
21. d5 exd5 22. Rxe8 Rxe8 23. Nf5 Ne4 24. Nxg7 Re7 25. Nf5 Re6 26. cxd5 Ra6 27.
a3 Nef6 28. Ne7+ Kd8 29. d6 1-0

[Event "PRAGUE OPEN 2020 - A - IM open"]
[Site "Praha, Olympik hotel"]
[Date "2020.01.10"]
[Round "1"]
[White "PESOLA, Jyrki"]
[Black "RIHA, Vojtech"]
[Result "0-1"]
[WhiteElo "1874"]
[BlackElo "2247"]
[PlyCount "40"]
[EventDate "2020.01.10"]

1. e4 c5 2. Nf3 Nc6 3. Bb5 g6 4. Bxc6 dxc6 5. O-O Bg7 6. d3 e5 7. Be3 Qe7 8. c3
Nf6 9. h3 c4 10. d4 exd4 11. Bxd4 O-O 12. e5 Nd5 13. Qe2 b5 14. a4 Bf5 15. Ne1
c5 16. Qf3 Nb6 17. Be3 Nxa4 18. Nd2 Nxb2 19. Qc6 Qxe5 20. Qxb5 Qxc3 0-1

[Event "PRAGUE OPEN 2020 - A - IM open"]
[Site "Praha, Olympik hotel"]
[Date "2020.01.10"]
[Round "1"]
[White "PUSHKOV, Nikolai"]
[Black "ACEVEDO MENDEZ, Lisseth"]
[Result "1-0"]
[WhiteElo "2239"]
[BlackElo "1864"]
[PlyCount "55"]
[EventDate "2020.01.10"]

1. d4 f5 2. g3 Nf6 3. Bg2 e6 4. Nh3 d5 5. O-O Bd6 6. c4 c6 7. Qc2 O-O 8. Bf4
Be7 9. Nd2 Ne4 10. f3 Nd6 11. e4 Nd7 12. Rad1 b5 13. cxb5 cxb5 14. Bxd6 Bxd6
15. Qc6 Qb6 16. exd5 Qxd4+ 17. Kh1 Qxd5 18. Qxd5 exd5 19. Nb3 Nb6 20. f4 Be6
21. Ng5 Rae8 22. Nxe6 Rxe6 23. Rxd5 Nxd5 24. Bxd5 Kh8 25. Bxe6 Rf6 26. Re1 a6
27. Kg2 g6 28. Re2 1-0

[Event "PRAGUE OPEN 2020 - A - IM open"]
[Site "Praha, Olympik hotel"]
[Date "2020.01.10"]
[Round "1"]
[White "FINNBOGADOTTIR, Tinna Kristin"]
[Black "NOVOSADOVA, Kristyna"]
[Result "0-1"]
[WhiteElo "1859"]
[BlackElo "2200"]
[PlyCount "52"]
[EventDate "2020.01.10"]

1. e4 e5 2. Nf3 Nc6 3. d4 exd4 4. Bc4 Nf6 5. O-O Nxe4 6. Re1 d5 7. Bxd5 Qxd5 8.
Nc3 Qh5 9. Nxe4 Be6 10. Neg5 O-O-O 11. Nxe6 fxe6 12. Rxe6 Bd6 13. Bg5 Bxh2+ 14.
Nxh2 Qxg5 15. Qe2 d3 16. Qf1 Nd4 17. Re3 Nxc2 18. Rg3 Qe5 19. Rd1 d2 20. Nf3
Qf4 21. Qb5 Rhe8 22. Qa5 Nd4 23. Nxd4 Qxd4 24. b3 Re5 25. Qc3 Qxc3 26. Rxc3
Re1+ 0-1

[Event "PRAGUE OPEN 2020 - A - IM open"]
[Site "Praha, Olympik hotel"]
[Date "2020.01.10"]
[Round "1"]
[White "BILEK, Roman"]
[Black "LYS, Josef"]
[Result "0-1"]
[WhiteElo "1827"]
[BlackElo "2152"]
[PlyCount "48"]
[EventDate "2020.01.10"]

1. e4 c5 2. a3 Nc6 3. b4 e5 4. b5 Nd4 5. Nc3 Nf6 6. Bc4 d6 7. d3 Be7 8. Nge2
O-O 9. Bg5 Be6 10. O-O Bxc4 11. Bxf6 Be6 12. Bxe7 Qxe7 13. Qd2 Qc7 14. Nxd4
cxd4 15. Ne2 Rfc8 16. Rfc1 Qb6 17. c4 dxc3 18. Nxc3 Rc7 19. a4 Qa5 20. Qb2 Rac8
21. Ra3 h6 22. h3 g5 23. Kh2 Qb6 24. a5 Qd4 0-1

[Event "PRAGUE OPEN 2020 - A - IM open"]
[Site "Praha, Olympik hotel"]
[Date "2020.01.10"]
[Round "1"]
[White "OCHEDZAN, Tymon"]
[Black "PASCOT, Jean"]
[Result "1-0"]
[WhiteElo "2140"]
[BlackElo "1809"]
[PlyCount "55"]
[EventDate "2020.01.10"]

1. e4 e5 2. Nf3 Nc6 3. Bb5 a6 4. Ba4 Nf6 5. O-O Be7 6. Re1 b5 7. Bb3 O-O 8. c3
d5 9. d4 dxe4 10. Nxe5 Nxe5 11. dxe5 Ng4 12. Rxe4 Qxd1+ 13. Bxd1 Rd8 14. Nd2
Bg5 15. Rd4 Bf5 16. Nf3 Bxc1 17. Rxc1 c5 18. Rxd8+ Rxd8 19. h3 Nh6 20. Be2 Kf8
21. Rd1 Rxd1+ 22. Bxd1 Ke7 23. Ng5 Bb1 24. a3 Nf5 25. f4 h6 26. Nf3 a5 27. Kf2
Ke6 28. Be2 1-0

[Event "PRAGUE OPEN 2020 - A - IM open"]
[Site "Praha, Olympik hotel"]
[Date "2020.01.10"]
[Round "1"]
[White "KRISTIANSEN, Willy M"]
[Black "OCELAK, Jakub"]
[Result "1-0"]
[WhiteElo "2137"]
[BlackElo "1786"]
[PlyCount "71"]
[EventDate "2020.01.10"]

1. d4 Nf6 2. c4 e5 3. dxe5 Ng4 4. Nf3 Bc5 5. e3 Nc6 6. a3 a5 7. Nc3 Ngxe5 8.
Nxe5 Nxe5 9. Be2 O-O 10. O-O d6 11. f4 Nc6 12. Kh1 Re8 13. Qd3 Be6 14. Bd2 f5
15. Bf3 Kh8 16. Nb5 Qe7 17. Rae1 Qf7 18. Rc1 Bb6 19. Rfe1 a4 20. Nd4 Na5 21.
Nxe6 Qxe6 22. Bd1 Qe4 23. Qc3 Nc6 24. Bf3 Qe7 25. Qd3 Qf8 26. e4 Nd4 27. Bd1
fxe4 28. Rxe4 Ne6 29. Bc2 g6 30. Bc3+ Ng7 31. Rce1 Rxe4 32. Qxe4 Bc5 33. Qxb7
Re8 34. Rxe8 Qxe8 35. Qxc7 Bd4 36. Bxd4 1-0

[Event "PRAGUE OPEN 2020 - A - IM open"]
[Site "Praha, Olympik hotel"]
[Date "2020.01.10"]
[Round "1"]
[White "DAY, Tobias"]
[Black "ERIKSSON, Christian Altenburg"]
[Result "0-1"]
[WhiteElo "1780"]
[BlackElo "2121"]
[PlyCount "60"]
[EventDate "2020.01.10"]

1. e4 c5 2. Nf3 g6 3. d4 cxd4 4. Nxd4 Nc6 5. Be3 Nf6 6. Nc3 Bg7 7. Nxc6 bxc6 8.
e5 Ng8 9. Bd4 f6 10. exf6 Nxf6 11. Be2 Qa5 12. f4 d5 13. a3 O-O 14. O-O Ne8 15.
Bxg7 Nxg7 16. Bf3 Be6 17. g3 Qb6+ 18. Kh1 Qxb2 19. Qd2 Qb7 20. Na4 Qc7 21. Rab1
Rab8 22. Nc5 Rxb1 23. Rxb1 Bc8 24. Qc3 Qd6 25. Rd1 Qf6 26. Qb3 g5 27. Ne4 Qg6
28. Nxg5 Bf5 29. Re1 h6 30. Ne4 Qe6 0-1

[Event "PRAGUE OPEN 2020 - A - IM open"]
[Site "Praha, Olympik hotel"]
[Date "2020.01.10"]
[Round "1"]
[White "SINDLER, Michal"]
[Black "KADONAS, Kestutis"]
[Result "1-0"]
[WhiteElo "2119"]
[BlackElo "1779"]
[PlyCount "47"]
[EventDate "2020.01.10"]

1. e4 d6 2. d4 g6 3. Nc3 Nf6 4. Be3 Bg7 5. Qd2 O-O 6. Bh6 Nbd7 7. O-O-O c6 8.
h4 Re8 9. h5 Bh8 10. hxg6 fxg6 11. e5 Nd5 12. Nxd5 cxd5 13. f4 Nb6 14. Bd3 Nc4
15. Qe2 Be6 16. f5 Bxf5 17. Bxf5 e6 18. Bxg6 Re7 19. Bd3 dxe5 20. Qg4+ Bg7 21.
Bxg7 Rxg7 22. Bxh7+ Kh8 23. Bg6+ Kg8 24. Qxe6+ 1-0

[Event "PRAGUE OPEN 2020 - A - IM open"]
[Site "Praha, Olympik hotel"]
[Date "2020.01.10"]
[Round "1"]
[White "KONVALINKA, Vladislav"]
[Black "OTRUBA, Marek"]
[Result "1/2-1/2"]
[WhiteElo "1733"]
[BlackElo "2091"]
[PlyCount "63"]
[EventDate "2020.01.10"]

1. d4 Nf6 2. c4 c5 3. d5 b5 4. cxb5 a6 5. bxa6 g6 6. Nc3 Bg7 7. Nf3 O-O 8. g3
d6 9. Bg2 Bxa6 10. O-O Nbd7 11. h3 Qb6 12. Re1 Rfb8 13. Rb1 Ne8 14. Bg5 h6 15.
Bd2 Nc7 16. Qc2 Bc4 17. b3 Bb5 18. e4 Na6 19. Nxb5 Qxb5 20. Bf1 Qb7 21. a3 Nc7
22. b4 Qa7 23. Rb3 Nb5 24. Bxb5 Rxb5 25. Reb1 Qa4 26. Qd3 Rab8 27. Bc3 cxb4 28.
Rxb4 Nc5 29. Qe2 Qxa3 30. Rxb5 Rxb5 31. Qxb5 Qxc3 32. Qe8+ 1/2-1/2

[Event "PRAGUE OPEN 2020 - A - IM open"]
[Site "Praha, Olympik hotel"]
[Date "2020.01.10"]
[Round "1"]
[White "ADAMKO, Peter"]
[Black "CABART, Pavel"]
[Result "1-0"]
[WhiteElo "2082"]
[BlackElo "1730"]
[PlyCount "39"]
[EventDate "2020.01.10"]

1. e4 c5 2. Nf3 Nc6 3. b4 cxb4 4. a3 bxa3 5. d4 d6 6. Bc4 e6 7. O-O Nf6 8. Qe2
Be7 9. d5 Ne5 10. Nxe5 dxe5 11. Bb5+ Kf8 12. d6 Bxd6 13. Rd1 Ke7 14. Rxd6 Kxd6
15. Qc4 Qa5 16. Bxa3+ Qxa3 17. Rxa3 Bd7 18. Qb4+ Kc7 19. Qe7 Rhe8 20. Rc3+ 1-0

[Event "PRAGUE OPEN 2020 - B - FIDE open"]
[Site "Praha, Olympik hotel"]
[Date "2020.01.10"]
[Round "1"]
[White "PFLANTZ, Mike"]
[Black "REZNY, Frantisek"]
[Result "1/2-1/2"]
[WhiteElo "1927"]
[BlackElo "1512"]
[PlyCount "36"]
[EventDate "2020.01.10"]

1. d4 d5 2. c4 e6 3. Nc3 Nf6 4. cxd5 Nxd5 5. e4 Nxc3 6. bxc3 c5 7. Nf3 Be7 8.
Bd3 Nc6 9. O-O O-O 10. e5 g6 11. Qd2 cxd4 12. Qh6 f6 13. exf6 Bxf6 14. Bxg6
hxg6 15. Qxg6+ Kh8 16. Ng5 Qe7 17. Ba3 Qg7 18. Qh5+ Kg8 1/2-1/2

[Event "PRAGUE OPEN 2020 - B - FIDE open"]
[Site "Praha, Olympik hotel"]
[Date "2020.01.10"]
[Round "1"]
[White "RAONDI, Yan-Martin"]
[Black "HRDINA, Karl"]
[Result "1/2-1/2"]
[WhiteElo "1509"]
[BlackElo "1912"]
[PlyCount "70"]
[EventDate "2020.01.10"]

1. d4 d5 2. c4 e6 3. Nc3 Nf6 4. Bg5 Nbd7 5. e3 c6 6. Nf3 Qa5 7. Bxf6 Nxf6 8.
Nd2 Bd6 9. Be2 O-O 10. O-O Qd8 11. Rc1 e5 12. dxe5 Bxe5 13. Nf3 Bb8 14. cxd5
cxd5 15. Qb3 a5 16. Rfd1 Qe7 17. Nxd5 Nxd5 18. Qxd5 Be6 19. Qc5 Qxc5 20. Rxc5
Bxa2 21. Ra1 Bd6 22. Rb5 Be6 23. Rbxa5 Rxa5 24. Rxa5 Rc8 25. Ra1 Rc2 26. Nd4
Rxb2 27. Nxe6 fxe6 28. Bf3 Kf7 29. g3 Kf6 30. Ra7 b6 31. Kg2 Bc5 32. Kf1 g6 33.
h4 Rb1+ 34. Ke2 Rb2+ 35. Kf1 Rb1+ 1/2-1/2

[Event "PRAGUE OPEN 2020 - B - FIDE open"]
[Site "Praha, Olympik hotel"]
[Date "2020.01.10"]
[Round "1"]
[White "CROOK, Oliver-James"]
[Black "NOVAK, Pavel"]
[Result "1-0"]
[WhiteElo "1862"]
[BlackElo "1503"]
[PlyCount "51"]
[EventDate "2020.01.10"]

1. d4 d5 2. Nc3 Nf6 3. Bg5 e6 4. e4 Be7 5. e5 Nfd7 6. h4 Bxg5 7. hxg5 Qxg5 8.
Nf3 Qe7 9. Qd2 Nb6 10. Bd3 h6 11. g4 Nc6 12. g5 Bd7 13. gxh6 gxh6 14. Rxh6 Rxh6
15. Qxh6 O-O-O 16. O-O-O Rg8 17. Rh1 Qf8 18. Qf4 Ne7 19. Nd1 Ng6 20. Qf6 Qe7
21. Bxg6 Qxf6 22. exf6 fxg6 23. f7 Rf8 24. Ne5 Kd8 25. Rh7 g5 26. Ng6 1-0

[Event "PRAGUE OPEN 2020 - B - FIDE open"]
[Site "Praha, Olympik hotel"]
[Date "2020.01.10"]
[Round "1"]
[White "BJORNES, Leif"]
[Black "KORMANOS, Samuel"]
[Result "1-0"]
[WhiteElo "1857"]
[BlackElo "1494"]
[PlyCount "63"]
[EventDate "2020.01.10"]

1. d4 d5 2. c4 Nf6 3. cxd5 Nxd5 4. e4 Nb6 5. Nf3 Bg4 6. Be3 e6 7. Be2 Nc6 8.
Nc3 Bb4 9. Rc1 a6 10. a3 Bxc3+ 11. Rxc3 Qd7 12. O-O O-O 13. Qd3 Rfd8 14. Rd1
Rac8 15. Qc2 f6 16. b4 Qe7 17. b5 axb5 18. Bxb5 Na7 19. Be2 Rd6 20. Rc1 Rc6 21.
Qb3 Rxc3 22. Rxc3 Rb8 23. h3 Bh5 24. d5 Nac8 25. dxe6 Be8 26. Nd4 Nd6 27. Nf5
Nxf5 28. exf5 Ba4 29. Qa2 Rd8 30. Bc5 Qe8 31. e7+ Rd5 32. Bxb6 1-0

[Event "PRAGUE OPEN 2020 - B - FIDE open"]
[Site "Praha, Olympik hotel"]
[Date "2020.01.10"]
[Round "1"]
[White "LEVINSKY, Ladislav"]
[Black "DENIZET, Briac"]
[Result "0-1"]
[WhiteElo "1490"]
[BlackElo "1852"]
[PlyCount "56"]
[EventDate "2020.01.10"]

1. Nf3 Nf6 2. d4 c5 3. Bf4 d5 4. c3 e6 5. Nbd2 Bd6 6. Bg3 Qc7 7. e3 Nbd7 8. Be2
O-O 9. O-O e5 10. dxe5 Nxe5 11. Nxe5 Bxe5 12. Nf3 Bxg3 13. hxg3 Bf5 14. Nh4 Be4
15. Bd3 Rfd8 16. Qe2 a6 17. Nf3 Rd7 18. Nd2 Rad8 19. Rad1 Bxd3 20. Qxd3 d4 21.
cxd4 cxd4 22. e4 Ng4 23. Rc1 Qa5 24. Nc4 Qh5 25. Rfe1 Qh2+ 26. Kf1 Qh1+ 27. Ke2
Qxg2 28. Qf3 d3+ 0-1

[Event "PRAGUE OPEN 2020 - B - FIDE open"]
[Site "Praha, Olympik hotel"]
[Date "2020.01.10"]
[Round "1"]
[White "JAEGER, Andre"]
[Black "SCHOEPPE, Christian"]
[Result "1-0"]
[WhiteElo "1850"]
[BlackElo "1490"]
[PlyCount "37"]
[EventDate "2020.01.10"]

1. d4 Nf6 2. c4 c6 3. Nc3 e5 4. dxe5 Ng4 5. Nf3 Bc5 6. Ne4 Bb4+ 7. Bd2 Na6 8.
a3 Bxd2+ 9. Qxd2 O-O 10. h3 Nxe5 11. Nxe5 Re8 12. Nxf7 Qe7 13. Nfd6 Rf8 14. e3
Nc7 15. Bd3 a6 16. O-O b5 17. Rad1 Ne6 18. Bb1 bxc4 19. Nxc8 1-0

[Event "PRAGUE OPEN 2020 - B - FIDE open"]
[Site "Praha, Olympik hotel"]
[Date "2020.01.10"]
[Round "1"]
[White "MARKOVA, Karolina"]
[Black "KLIMEK, Petr"]
[Result "0-1"]
[WhiteElo "1469"]
[BlackElo "1844"]
[PlyCount "64"]
[EventDate "2020.01.10"]

1. e4 e6 2. d4 d5 3. Nc3 Nf6 4. Bg5 Be7 5. e5 Nfd7 6. Bxe7 Qxe7 7. f4 a6 8. Nf3
c5 9. Bd3 Nc6 10. Ne2 c4 11. Bxc4 dxc4 12. O-O Nb6 13. c3 Nd5 14. Qd2 O-O 15.
Ng3 Bd7 16. Ng5 h6 17. N5e4 f6 18. Nd6 fxe5 19. fxe5 b5 20. Nge4 Rxf1+ 21. Rxf1
Rf8 22. Rxf8+ Qxf8 23. Nc5 Bc8 24. Qe1 Nce7 25. b3 cxb3 26. axb3 Nf5 27. Nce4
Nxd6 28. Nxd6 Bd7 29. c4 bxc4 30. bxc4 Nf4 31. g3 Nh3+ 32. Kg2 Ng5 0-1

[Event "PRAGUE OPEN 2020 - B - FIDE open"]
[Site "Praha, Olympik hotel"]
[Date "2020.01.10"]
[Round "1"]
[White "LOIBL, Johann"]
[Black "VACHA, Martin"]
[Result "1-0"]
[WhiteElo "1817"]
[BlackElo "1467"]
[PlyCount "55"]
[EventDate "2020.01.10"]

1. e4 e5 2. Nf3 Nc6 3. Bc4 h6 4. O-O Nf6 5. c3 d6 6. d4 Bg4 7. Qb3 Qd7 8. dxe5
Bxf3 9. e6 fxe6 10. Bxe6 Qe7 11. Qxb7 Bxe4 12. Qxa8+ Nd8 13. Qxa7 Nxe6 14. Re1
d5 15. b4 Qf7 16. f3 Bf5 17. Qb8+ Kd7 18. Qb5+ Kd6 19. c4 c6 20. Qb8+ Kd7 21.
Qb7+ Nc7 22. Nc3 Bd6 23. Na4 Be6 24. c5 Be7 25. Nb6+ Ke8 26. Qxc6+ Kd8 27. Qb7
Bf8 28. Qb8+ 1-0

[Event "PRAGUE OPEN 2020 - B - FIDE open"]
[Site "Praha, Olympik hotel"]
[Date "2020.01.10"]
[Round "1"]
[White "KUSAK, Lubomir"]
[Black "MARTIROSYAN, David"]
[Result "1-0"]
[WhiteElo "1767"]
[BlackElo "1435"]
[PlyCount "44"]
[EventDate "2020.01.10"]

1. e4 c5 2. c3 d5 3. exd5 Qxd5 4. Qf3 Nf6 5. Bb5+ Bd7 6. c4 Qxf3 7. Nxf3 Bxb5
8. cxb5 e6 9. Nc3 Bd6 10. d3 O-O 11. Ne4 Nxe4 12. dxe4 Nd7 13. Be3 c4 14. O-O-O
Nc5 15. Rxd6 Nxe4 16. Rd7 b6 17. Rd4 Nf6 18. Rxc4 Nd5 19. Bd2 Rfd8 20. Kb1 f6
21. Nd4 e5 22. Nc6 Rac8 1-0

[Event "PRAGUE OPEN 2020 - B - FIDE open"]
[Site "Praha, Olympik hotel"]
[Date "2020.01.10"]
[Round "1"]
[White "SONNTAGBAUER, Manfred"]
[Black "STRNAD, Michael"]
[Result "0-1"]
[WhiteElo "1431"]
[BlackElo "1760"]
[PlyCount "48"]
[EventDate "2020.01.10"]

1. d4 Nf6 2. Nf3 g6 3. g3 Bg7 4. Bg2 O-O 5. O-O d5 6. c3 c6 7. Nbd2 Nbd7 8. Re1
h6 9. e4 dxe4 10. Nxe4 Nxe4 11. Rxe4 Nf6 12. Re1 Be6 13. Ne5 Bd5 14. f3 Nd7 15.
Nxd7 Qxd7 16. Qe2 Rfe8 17. Be3 e5 18. Qd2 exd4 19. cxd4 h5 20. a3 Qf5 21. Rf1
Rad8 22. Rad1 Kh7 23. Qe2 Rd7 24. f4 Bxg2 0-1

[Event "PRAGUE OPEN 2020 - B - FIDE open"]
[Site "Praha, Olympik hotel"]
[Date "2020.01.10"]
[Round "1"]
[White "HRABE, Vojtech"]
[Black "MICHEL, Ladislav"]
[Result "0-1"]
[WhiteElo "1361"]
[BlackElo "1708"]
[PlyCount "74"]
[EventDate "2020.01.10"]

1. e4 c5 2. Nf3 Nc6 3. d4 cxd4 4. Nxd4 e5 5. Nb3 Nf6 6. Nc3 Bb4 7. f3 Nxe4 8.
Bd2 Qh4+ 9. g3 Nxg3 10. Rg1 Nh1+ 11. Rg3 Nxg3 12. hxg3 Qxg3+ 13. Ke2 O-O 14.
Ne4 Qh2+ 15. Ke1 Bxd2+ 16. Nbxd2 d5 17. Nf2 Bf5 18. Nb3 Nb4 19. Bd3 Qg1+ 20.
Ke2 Qxd1+ 21. Rxd1 Nxd3 22. Nxd3 e4 23. Ne1 exf3+ 24. Kxf3 Rfe8 25. Nd4 Bg6 26.
Kf2 a6 27. Nef3 h6 28. Rg1 Rac8 29. c3 Re4 30. Nd2 Rxd4 31. cxd4 Rc2 32. Ke3
Rxb2 33. a3 Ra2 34. Nb1 Ra1 35. Rxg6 fxg6 36. Nc3 Rxa3 37. Kd3 h5 0-1